Statistics for VisualBasic Keywords

Click here to take the quiz!

General Stats

  • This quiz has been taken 6 times
  • The average score is 10 of 153

Answer Stats

Answer% Correct
Do
60%
For
60%
If
60%
And
40%
Else
40%
End
40%
In
40%
Is
40%
Set
40%
To
40%
While
40%
As
20%
Boolean
20%
Case
20%
Char
20%
Date
20%
Decimal
20%
Double
20%
EndIf
20%
Exit
20%
False
20%
Function
20%
Get
20%
Integer
20%
Let
20%
Long
20%
Me
20%
Not
20%
Of
20%
On
20%
Or
20%
Out
20%
Short
20%
String
20%
Then
20%
True
20%
When
20%
AddHandler
0%
AddressOf
0%
Alias
0%
AndAlso
0%
ByRef
0%
Byte
0%
ByVal
0%
Call
0%
Catch
0%
CBool
0%
CByte
0%
CChar
0%
CDate
0%
CDbl
0%
CDec
0%
CInt
0%
Class
0%
CLng
0%
CObj
0%
Const
0%
Continue
0%
CSByte
0%
CShort
0%
CSng
0%
CStr
0%
CType
0%
CUInt
0%
CULng
0%
CUShort
0%
Declare
0%
Default
0%
Delegate
0%
Dim
0%
DirectCast
0%
Each
0%
ElseIf
0%
Enum
0%
Erase
0%
Error
0%
Event
0%
Finally
0%
Friend
0%
GetType
0%
GetXMLNamespace
0%
Global
0%
GoSub
0%
GoTo
0%
Handles
0%
Implements
0%
Imports
0%
Inherits
0%
Interface
0%
IsNot
0%
Lib
0%
Like
0%
Loop
0%
Mod
0%
Module
0%
MustInherit
0%
MustOverride
0%
MyBase
0%
MyClass
0%
Namespace
0%
Narrowing
0%
New
0%
Next
0%
Nothing
0%
NotInheritable
0%
NotOverridable
0%
Object
0%
Operator
0%
Option
0%
Optional
0%
OrElse
0%
Overloads
0%
Overridable
0%
Overrides
0%
ParamArray
0%
Partial
0%
Private
0%
Property
0%
Protected
0%
Public
0%
RaiseEvent
0%
ReadOnly
0%
ReDim
0%
REM
0%
RemoveHandler
0%
Resume
0%
Return
0%
SByte
0%
Select
0%
Shadows
0%
Shared
0%
Single
0%
Static
0%
Step
0%
Stop
0%
Structure
0%
Sub
0%
SyncLock
0%
Throw
0%
Try
0%
TryCast
0%
TypeOf
0%
UInteger
0%
ULong
0%
UShort
0%
Using
0%
Variant
0%
Wend
0%
Widening
0%
With
0%
WithEvents
0%
WriteOnly
0%
Xor
0%

Score Distribution

Percentile by Number Answered

Percent of People with Each Score

Your Score History

You have not taken this quiz